000 00323nam a2200145Ia 4500
008 230917s9999||||xx |||||||||||||| ||und||
020 _cRS18
040 _e192847
_aMAIN
041 _aEnglish
082 _a891.4398 Z13K
100 _aZaidi, Alijawah
245 0 _aKisida nigran
260 _aUttar Pradesh
942 _cBK
999 _c53942
_d53942